| 000 | 00707 a2200205 4500 | ||
|---|---|---|---|
| 999 |
_c5659 _d5659 |
||
| 010 | _aENG-86994 | ||
| 020 |
_a8185986231 _c500.00 |
||
| 035 | _aEN-70527 | ||
| 035 | _aB-260869-872 | ||
| 037 | _bDBAD / PUB | ||
| 082 | _a921 | ||
| 100 | _aNarayan, R. K. | ||
| 245 |
_aMy days: _cby R. K. Narayan; Illustrated by R. K. Laxman _bautobiography / |
||
| 260 |
_aMadras _bIndian Thought Publications _c2006 |
||
| 270 |
_a38, Thanikachalam Road, T. Nagar, _bChennai _e600 017 |
||
| 300 |
_axii, 216 p. _bill. _c21 cm. (Hb) |
||
| 700 | _aLaxman, R. K. | ||
| 942 |
_adpl _cEN _2ddc _h921 _mNAR |
||